Top 100 UK Girls names 2022 - Statistics

General Stats
  • This quiz has been taken 844 times
  • The average score is 48 of 100
Answer Stats
Hint Answer % Correct
3 Olivia
87%
40 Emma
84%
81 Eliza
82%
12 Emily
82%
30 Charlotte
81%
1 Lily
81%
73 Anna
80%
13 Ella
79%
84 Elizabeth
77%
17 Hannah
77%
4 Amelia
76%
19 Maya
75%
15 Isabella
74%
5 Ava
73%
58 Sarah
73%
10 Mia
72%
2 Sophia
72%
14 Grace
71%
36 Sophie
71%
45 Chloe
70%
53 Ellie
70%
68 Lucy
68%
82 Rose
67%
6 Isla
66%
20 Daisy
65%
44 Alice
63%
67 Eva
63%
9 Ivy
63%
71 Jessica
63%
22 Millie
63%
55 Molly
63%
23 Rosie
63%
21 Zoe
63%
16 Evie
62%
34 Poppy
61%
63 Bella
59%
7 Freya
57%
86 Holly
57%
25 Isabelle
57%
77 Maria
57%
75 Violet
57%
41 Evelyn
56%
56 Ruby
56%
80 Abigail
51%
76 Eleanor
51%
32 Florence
49%
39 Willow
49%
8 Aria
48%
11 Elsie
48%
26 Zara
48%
24 Layla
47%
74 Leah
47%
70 Gracie
46%
18 Luna
46%
28 Harper
45%
96 Penelope
45%
59 Maddison
44%
43 Maisie
44%
78 Olive
44%
49 Phoebe
44%
100 Iris
43%
97 Scarlett
43%
35 Sienna
43%
46 Erin
41%
54 Matilda
40%
95 Nora
40%
31 Esme
39%
51 Ada
37%
48 Mila
37%
89 Annabelle
36%
87 Imogen
35%
38 Emilia
33%
79 Orla
32%
99 Delilah
30%
88 Nancy
30%
52 Lottie
29%
61 Aurora
28%
93 Bonnie
27%
90 Hazel
27%
66 Arabella
25%
94 Nina
25%
27 Fatima
24%
69 Eden
23%
47 Hallie
21%
50 Lyla
21%
64 Nova
21%
60 Aaliyah
19%
91 Margot
19%
85 Gianna
17%
33 Maryam
17%
57 Ayla
16%
42 Eliana
16%
65 Robyn
16%
37 Aisha
15%
62 Maeve
14%
72 Amaya
12%
83 Talia
12%
29 Nur
11%
98 Anaya
8%
92 Raya
6%
No matching quizzes found
Score Distribution
Percent of People with Each Score
Percentile by Number Answered
Your Score History
You have not taken this quiz